000 01180nam a22002657a 4500
999 _c3158
_d3158
003 AR-CdUCM
008 190306b ||||| |||| 00| 0 spa d
040 _aMUNICIPALIDAD PROVINCIAL DEL CUSCO
_cBIBLIOTECA MUNICIPAL DEL CUSCO
041 _hrus
082 _a330.9 /
_bK23
100 _akarataev, Ryndina
_910644
245 _aHistoria de las Doctrinas Economicas /
260 _aMexico :
_bGrijaldo,
_c1964.
300 _a2.t ;
_c21cm.
500 _aCiencias económicas y sociales
505 _aContenido pracial: t.1. Sociedad esclavista. Feudalismo y mercantilismo. Economía política burgesa clásica, vulgar y pequeño burguesa. Economía política burgesa vulgar de fines del siglo XIX y comienzos de XX -- t.2. Las doctrinas económicas de Rusia en el periodo posterior a la reforma. Desarrollo de la doctrina económica del marxismo por V.I. Lenin. Las doctrinas económicas de la época de transición del capitalismo al socialismo.
650 _aEconomia
_9382
650 _aHistoria
_9136
650 _aEscuelas Sociales
_910645
650 _aSistemas
_92854
650 _aMexico
_918
700 _aLain, Jose
_910646
942 _2ddc
_cLIBROS
945 _apjha